Dinastie europee - Borbone - Statistics

Statistiche generali
  • Questo quiz è stato fatto 60 volte
  • Il punteggio medio è 26 su 36
Statistiche sulle risposte
Titolo Anni Nome Eventuale epiteto % Corretto
1825-1830 Francesco I
97%
1859-1861 Francesco II Franceschiello
97%
1830-1859 Ferdinando II
89%
Re delle Due Sicilie 1759-1825 Ferdinando IV
89%
1746-1759 Ferdinando VI
89%
1808-1833 Ferdinando VII
89%
Re di Spagna 1700-1746 Filippo V
89%
2014-oggi Filippo VI
89%
1434-1456 Carlo I
87%
1488 Carlo II
87%
1505-1523 Carlo III
87%
1759-1788 Carlo III
87%
1527-1537 Carlo IV
87%
1788-1808 Carlo IV
87%
Re di Napoli 1734-1759 Carlo VII
87%
1824-1830 Carlo X
87%
Duca di Borbone 1310-1341 Luigi I Lo Zoppo
87%
1724 Luigi I
87%
1356-1410 Luigi II Il Buono
87%
1610-1643 Luigi XIII Il Giusto
87%
1643-1715 Luigi XIV Il Re sole
87%
1715-1774 Luigi XV Il Beneamato
87%
1774-1793 Luigi XVI
87%
1814-1824 Luigi XVIII Il Desiderato
87%
Re di Francia e Navarra 1572-1610 Enrico IV Il Grande
71%
1975-2014 Giovanni Carlo
61%
1410-1434 Giovanni I
61%
1456-1488 Giovanni II La frusta degli inglesi
61%
1874-1885 Alfonso XII
45%
1886-1931 Alfonso XIII
45%
1833-1868 Isabella II
39%
1341-1356 Pietro I
32%
1488-1503 Pietro II Di Bajou
32%
Conte di Clermont 1268-1317 Roberto
29%
Re di Navarra 1537-1562 Antonio
24%
1503-1521 Susanna
11%
Nessun quiz corrispondente trovato
Distribuzione punteggi
Percentuale di utenti per punteggio
Percentile per numero di risposta
I tuoi punteggi nel tempo
Non hai fatto questo quiz